| 000 | 00562nam a22001817a 4500 | ||
|---|---|---|---|
| 999 |
_c188445 _d188445 |
||
| 005 | 20220523152923.0 | ||
| 010 | _aENG-132784 | ||
| 020 |
_a9789380677132 _c350.00 |
||
| 035 | _aEN-116316 | ||
| 037 | _bDBAD/PUB | ||
| 082 | _a954.035 | ||
| 245 |
_aColonial Modernity: _bIndian Perspectives/ _cEdited by Pradip Basu |
||
| 260 |
_aKolkata _bArchana DAs & Subrata Das _c2011 |
||
| 270 |
_a12/A Shankar Ghosh Lane _bKolkata _msetuprakashani@yahoo.co.in |
||
| 300 |
_a248p. _c21cm(pbk) |
||
| 700 | _aBasu, Pradip | ||
| 942 |
_2ddc _cEN _h954.035 _mCOL |
||